|
|
|
|
| LEADER |
00000cam a2200000 a 4500 |
| 001 |
vtls001407725 |
| 003 |
SK-MaSNL |
| 005 |
20260302072114.0 |
| 008 |
240314s1920 xr 0000p cze |
| 035 |
|
|
|a SNK000362384
|
| 040 |
|
|
|a SNK
|b slo
|c SNK
|e AACR2
|
| 041 |
1 |
|
|a cze
|h hun
|
| 044 |
|
|
|a xr
|c CZ
|
| 100 |
1 |
|
|a Madách, Imre,
|d 1823-1864
|4 aut
|9 208213
|
| 240 |
1 |
3 |
|a Az ember tragédiája
|l Česky
|
| 245 |
1 |
0 |
|a Tragedie člověka
|c Emerich Madách ; přeložil František Brábek
|
| 250 |
|
|
|a 2. vyd.
|
| 260 |
|
|
|a Praha
|b J.Otto
|c 1904
|
| 300 |
|
|
|a 198 s.
|c 19 cm
|
| 490 |
1 |
|
|a Sborník světové poesie
|v č. 22
|
| 500 |
|
|
|a Preložené z maďarčiny
|
| 700 |
1 |
|
|a Brábek, František,
|d 1848-1926
|4 trl
|9 734738
|
| 830 |
|
0 |
|a Sborník světové poesie
|9 412099
|
| 852 |
|
|
|a Slovenská národná knižnica
|
| 999 |
|
|
|c 1155042
|d 1156972
|
| 952 |
|
|
|t P60, <03>, [BOOK], {603}
|a SNK
|b SNK
|y PREZ
|7 0
|p 17A0291203
|o snkSD 10020
|0 0
|1 0
|4 0
|d 2001-02-19
|l 0
|r 2025-11-24 00:00:00
|w 2026-02-24
|